书目信息 |
| 题名: |
细胞生物化学原理
|
|
| 作者: | 钱凯先 李亚南 邵健忠 | |
| 分册: | ||
| 出版信息: | 杭州 浙江大学出版社 1999 |
|
| 页数: | 387 | |
| 开本: | 26cm | |
| 丛书名: | ||
| 单 册: | ||
| 中图分类: | Q26 | |
| 科图分类: | ||
| 主题词: | 细胞学:生物化学 | |
| 电子资源: | ||
| ISBN: | 7-308-02066-5 | |
| 000 | 00592nam0 2200181 450 | |
| 001 | 0741144344 | |
| 005 | 20070817112544.34 | |
| 010 | @a7-308-02066-5@d¥26.00 | |
| 100 | @a20070817d km y0chiy0120 ea | |
| 101 | 0 | @achi |
| 200 | 1 | @a细胞生物化学原理@Axi bao sheng wu hua xue yuan li@f钱凯先 李亚南 邵健忠@Fqian kai xian li ya nan shao jian zhong |
| 210 | @a杭州@c浙江大学出版社@d1999 | |
| 215 | @a387@d26cm | |
| 606 | 0 | @a细胞学:生物化学 |
| 690 | @aQ26@v3 | |
| 701 | 0 | @a钱凯先 李亚南 邵健忠@Aqian kai xian li ya nan shao jian zhong |
| 801 | 0 | @aCN@bPFT@c20070817 |
| 905 | @a213230@dQ26@en1@f1 | |
| 细胞生物化学原理/钱凯先 李亚南 邵健忠.-杭州:浙江大学出版社,1999 |
| 387;26cm |
| ISBN 7-308-02066-5:¥26.00 |
| ● |
| 相关链接 |
|
|
|
|
正题名:细胞生物化学原理
索取号:Q26/n1
 
预约/预借
| 序号 | 登录号 | 条形码 | 馆藏地/架位号 | 状态 | 备注 |
| 1 | 6600111 | 266001113 | 密集书库-生命科学系/ [索取号:Q26/n1] | 在馆 |